[Event "BL2-West 0910"]
[Site "Germany"]
[Date "2009.11.15"]
[Round "2.2"]
[White "Savchenko, Viacheslav"]
[Black "Zude, Arno"]
[Result "1-0"]
[WhiteElo "2414"]
[BlackElo "2461"]
[PlyCount "107"]
[EventDate "2009.10.18"]
[EventType "team-tourn"]
[EventRounds "9"]
[EventCountry "GER"]
[SourceTitle "EXT 2011"]
[Source "ChessBase"]
[SourceDate "2010.11.26"]
[SourceVersion "1"]
[SourceVersionDate "2010.11.26"]
[SourceQuality "1"]
[WhiteTeam "Gerresheim"]
[BlackTeam "Hofheim"]
[WhiteTeamCountry "GER"]
[BlackTeamCountry "GER"]

1. d4 Nf6 2. Nf3 e6 3. Bg5 h6 4. Bxf6 Qxf6 5. e4 d6 6. Nc3 g6 7. Qd2 Bg7 8. 0-0-0 a6 9. e5 Qe7 10. Qf4 d5 11. h4 Nd7 12. Bd3 b6 13. Ne2 Bb7 14. Kb1 c5 15. c3 c4 16. Bc2 b5 17. Qg3 Bc6 18. Nf4 0-0-0 19. Ka1 Rhg8 20. Qg4 Rde8 21. Rh3 Nb8 22. Rg3 Bd7 23. Nd2 Qd8 24. Ne2 Bf8 25. Rf3 Rg7 26. g3 Be7 27. Re3 Reg8 28. b3 cxb3 29. axb3 Qa5+ 30. Kb2 Qa3+ 31. Kb1 Qa5 32. b4 Qc7 33. Nb3 Nc6 34. Kb2 a5 35. bxa5 Nxa5 36. Nxa5 Qxa5 37. Ra1 Qb6 38. Nc1 g5 39. Qh5 f5 40. exf6 Bxf6 41. Nb3 b4 42. Qe2 Kd8 43. Ra6 bxc3+ 44. Rxc3 Qb7 45. Kc1 Bb5 46. Rd6+ Bd7 47. Nc5 Qa7 48. Ba4 Bxd4 49. Rxd7+ Qxd7 50. Bxd7 Bxc3 51. Qxe6 Bd4 52. Nb7+ Kc7 53. Qc6+ Kb8 54. Nd6 1-0